Asteroids and Comets : (Record no. 7227)

MARC details
000 -LEADER
fixed length control field 01200nam a22002537a 4500
001 - CONTROL NUMBER
control field 7227
003 - CONTROL NUMBER IDENTIFIER
control field FISKH
005 - DATE AND TIME OF LATEST TRANSACTION
control field 20250703095637.0
008 - FIXED-LENGTH DATA ELEMENTS--GENERAL INFORMATION
fixed length control field 250703b cb ||||| |||| 00| 0 eng d
020 ## - INTERNATIONAL STANDARD BOOK NUMBER
International Standard Book Number 9780545368285
040 ## - CATALOGING SOURCE
Original cataloging agency FISKH
Language of cataloging eng
Transcribing agency FISKH
Modifying agency FISKH
050 ## - LIBRARY OF CONGRESS CALL NUMBER
Classification number PZ7
082 ## - DEWEY DECIMAL CLASSIFICATION NUMBER
Classification number 523.4
100 ## - MAIN ENTRY--PERSONAL NAME
Personal name Furgang, Kathy
245 ## - TITLE STATEMENT
Title Asteroids and Comets :
Remainder of title Science vocabulary words in Every book!/
Statement of responsibility, etc. Kathy Furgang
260 ## - PUBLICATION, DISTRIBUTION, ETC.
Place of publication, distribution, etc. New York :
Name of publisher, distributor, etc. Scholastic,
Date of publication, distribution, etc. 2012.
300 ## - PHYSICAL DESCRIPTION
Extent 32 pages :
Other physical details color illustrations ;
Dimensions 23 cm
490 ## - SERIES STATEMENT
Series statement Smart words readers
520 ## - SUMMARY, ETC.
Summary, etc. Did you know that an asteroid is heading our way? It is! The asteroid is named Apophis, and it is scheduled to fly by in April 2029, on Friday the 13th. But there is no reason to worry - it's going to come mighty close but will not strike Earth. We know this because scientists keep an eye on all objects that come near us. You can learn all about asteroids along with 20 new science Smart Words that will help you understand what asteroids are, where they are found, and where they are going!
650 ## - SUBJECT ADDED ENTRY--TOPICAL TERM
Topical term or geographic name entry element Astronomy
Form subdivision Comets
General subdivision Vocabulary
650 ## - SUBJECT ADDED ENTRY--TOPICAL TERM
Topical term or geographic name entry element Solar system
Form subdivision Space
942 ## - ADDED ENTRY ELEMENTS (KOHA)
Source of classification or shelving scheme Dewey Decimal Classification
Koha item type Books
Suppress in OPAC No
Holdings
Withdrawn status Lost status Source of classification or shelving scheme Damaged status Not for loan Collection Home library Current library Shelving location Date acquired Total Checkouts Full call number Barcode Date last seen Copy number Price effective from Koha item type
    Dewey Decimal Classification     Non-Fiction Footprints International School Library Network Toul Kork Campus Footprints International School Library Network Toul Kork Campus A TK Campus, 4th Floor, Room B401, Non-Fiction Bookcases(7-8) 07/03/2025   FUR 523.4 PZ7 FISTK00805 07/03/2025 1 07/03/2025 Books